Statistics for Basic concepts of Buddhism 佛教基本教義

Click here to take the quiz!

General Stats

  • This quiz has been taken 176 times
  • The average score is 14 of 41

Answer Stats

HintAnswer% Correct
Suffering
89%
正業Right action
58%
正語Right speech
57%
Higher mind
56%
Path to the end of suffering
52%
Causes of suffering
49%
地獄Hell
49%
Human
49%
Dharma
48%
Buddha
47%
畜生Animal
46%
God
46%
餓鬼Hungry Ghost
45%
Sangha
45%
End of suffering
44%
Body
39%
正定Right concentration
36%
正念Right mindfulness
35%
正命Right livelihood
34%
阿修羅Asura
31%
Feeling
30%
Sensation
30%
正見Right view
29%
正思惟Right intention
27%
Consciousness
26%
Consciousness
26%
Perception
25%
正精進Right effort
25%
Fabrications
20%
Birth
19%
無明Ignorance
19%
老死Old age and death
19%
Higher wisdom
18%
Craving
17%
Formations
17%
Clinging
13%
Contact
11%
名色Name-and-form
11%
Becoming
9%
Higher virtue
8%
六入Six sense media
5%

Score Distribution

Percentile by Number Answered

Percent of People with Each Score

Your Score History

You have not taken this quiz